| 000 | 00400nam a2200145 a 4500 | ||
|---|---|---|---|
| 001 | 000026463 | ||
| 005 | 20200930030234.0 | ||
| 008 | 110318s2010 dr c 000 0 spa d | ||
| 040 |
_aDO-SdBNP _bspa _cBNPHU |
||
| 082 |
_axxxx _bB111i |
||
| 245 | 0 | 0 |
_aPhoto imagen'08 : _brituales de identidad. |
| 260 |
_aSanto Domingo : _bAlfa y Omega, _c2010. |
||
| 300 |
_a[96 p.] : _bretr. ; _c21 cm. |
||
| 049 | _aBNPD | ||
| 999 |
_c25955 _d25955 |
||